| 000 | 01191cam a22003374a 4500 | ||
|---|---|---|---|
| 001 | 14389630 | ||
| 003 | EG-ScBUE | ||
| 005 | 20220818092127.0 | ||
| 008 | 060525r20092005enka f b 001 0 eng d | ||
| 020 | _a0714124281 | ||
| 020 | _a9780714124285 | ||
| 035 | _a(OCoLC)ocm69680120 | ||
| 035 | _a(OCoLC)69680120 | ||
| 040 |
_aDLC _beng _erda _cDLC _dBAKER _dC#P _dVP@ _dBTCTA _dYDXCP _dDLC _dEG-ScBUE |
||
| 082 | 0 | 4 |
_a704.94897 _222 _bCAN |
| 100 | 1 |
_aCanby, Sheila R., _eauthor. _923793 |
|
| 245 | 1 | 0 |
_aIslamic art in detail / _cSheila R. Canby. |
| 250 | _aReprinted edition. | ||
| 264 | 1 |
_aLondon : _bThe British Museum Company Ltd, _c2009. |
|
| 300 |
_a144 pages : _bcolor illustrations ; _c23 cm |
||
| 336 |
_2rdacontent _atext _btxt |
||
| 337 |
_2rdamedia _aunmediated _bn |
||
| 338 |
_2rdacarrier _avolume _bnc |
||
| 504 | _aIncludes bibliographical references and index. | ||
| 650 | 7 |
_aIslamic art _xThemes, motives. _2BUEsh _923794 |
|
| 651 | _2BUEsh | ||
| 653 |
_cMay2011 _bART |
||
| 655 |
_vReading book _934232 |
||
| 942 |
_2ddc _cBB |
||
| 999 |
_c15276 _d15276 |
||